| 000 | 00547nam a2200181 a 4500 | ||
|---|---|---|---|
| 005 | 20140412111236.0 | ||
| 008 | 010531s19uu xx 00 eng d | ||
| 020 | _a0-307-11410-4 | ||
| 050 |
_aER _bCh432 1995 |
||
| 100 | _aSnyder, Margaret | ||
| 245 |
_aChicken little / _cwritten by Margaret Snyder; illustrated by Darrel Baker and Robin Cuddy. |
||
| 260 |
_aNew York : _bMerrigold Press, _c1995. |
||
| 300 | _a1v. (unp.) ;ill. | ||
| 440 | _aDisney: Toontown | ||
| 650 | _aChildren's stories | ||
| 650 | _aChicken-Stories | ||
| 999 |
_c102450 _d102450 |
||